01764nam a22003134a 4500001000400000003000800004005001700012008004100029020001800070040000800088041001300096082001500109100003400124245007200158260003000230300001200260500000600272520084000278650002701118650002501145650002001170650003101190655001601221655001901237700003401256942001501290952013201305999001301437502BR-RjBN20260129100415.0180314s2015 bl g 000 f por  a9788576572183 bpor aenghpor04a823bM427c aMather, Matthew,d1969-9107910aCyberstorm /cMatthew Mather ; tradução Carolina Caires Coelho. aSão PaulobAlephc2015. a366p. ; a  aEm meio a uma forte tensão política internacional, os Estados Unidos sofrem um grande ataque cibernético: todos os meios de comunicação começam a falhar. Ao mesmo tempo, uma forte tempestade de neve assola a cidade de Nova York, e uma possível epidemia de gripe aviária parece se aproximar. Presos na cidade e quase sem contato com o resto do mundo, os moradores de repente se veem imersos em um cenário verdadeiramente apocalíptico. Enquanto rumores e especulações correm sobre a origem desses ataques, Mike Mitchell se concentra em questões que para ele parecem mais urgentes. A crise o atingiu em um momento crítico de sua vida, complicando seus já confusos problemas pessoais e financeiros. Agora, sua prioridade é manter a família unida e viva no crescente caos que se que se forma a sua volta.  aLiteratura Inglesa989 aSobrevivência9770 0aPandemias91080 0aAtaque cibernético91081 aRomance923 aFicção922 aCoelho, Carolina Caires91082 2ddcn0cBK 00102ddc40708FICaBIBIBbBIBIBcLEd2026-01-29edoaçãol0o823 / M427cp2026-17437r2026-01-29 09:13:30w2026-01-29yBK c502d502